Emberi erőforrás-menedzsment az Oktatási Hivatalban

Bibliographic Details
Main Author: Váczi Kincső Boróka
Other Authors: Krajcsák Dr. Zoltán
Csörge Anna Mária
Format: Project work
Kulcsszavak:Emberi erőforrás
Menedzsment
Közigazgatás
Online Access:http://dolgozattar.uni-bge.hu/21103

MARC

LEADER 00000nnm a2200000 i 4500
001 dolg21103
005 20190511081220.0
008 190511suuuu hu o 000 hun d
040 |a BGE Dolgozattár Repozitórium  |b hun 
041 |a hu 
100 1 |a Váczi Kincső Boróka 
245 1 0 |a Emberi erőforrás-menedzsment az Oktatási Hivatalban  |c Váczi Kincső Boróka  |h [elektronikus dokumentum] 
516 |a Project_work 
695 |a Emberi erőforrás 
695 |a Menedzsment 
695 |a Közigazgatás 
700 1 |a Krajcsák Dr. Zoltán  |e ths 
700 1 |a Csörge Anna Mária  |e ths 
856 4 0 |u http://dolgozattar.uni-bge.hu/21103/1/V%C3%A1czi%20Kincs%C5%91%20Bor%C3%B3ka%20IT9PCZ%20Z%C3%A1r%C3%B3dolgozat%202019.pdf  |z Dokumentum-elérés 
856 4 0 |u http://dolgozattar.uni-bge.hu/21103/2/Titkos%C3%ADt%C3%A1si%20k%C3%A9relem.pdf  |z Dokumentum-elérés